| 000 | 00766nam a22002057a 4500 | ||
|---|---|---|---|
| 003 | JO-AjAnu | ||
| 005 | 20251013112554.0 | ||
| 008 | 251012b jo ||||| |||| 00| 0 ara d | ||
| 020 | _a978-9923-46-106-8 | ||
| 022 | _a3706/6/2024 | ||
| 040 |
_aANU _cJO-AjAnu |
||
| 041 | _hARA | ||
| 100 |
_aالبكري، عصام طالب _eمؤلف _966794 |
||
| 245 |
_aفنون رياضة المبارزة للأسلحة الثلاثة _c / تاليف وإعداد عصام طالب البكري، طارق عبدالواحد الخزاعي |
||
| 260 |
_aعمان: _b دار الوفاق للنشر والتوزيع، _c2025 |
||
| 300 | _a243 صفحة | ||
| 650 | _vالمبارزة | ||
| 700 |
_aالخزاعي، طارق عبدالواحد _966795 |
||
| 942 |
_2lcc _cBK _n0 |
||
| 999 |
_c34065 _d34065 |
||